[Event "2. Bundesliga Mitte 2010/11"]
[Site "Wolfsberg"]
[Date "2011.04.08"]
[Round "9"]
[Board "3"]
[White "Hartl, Daniel"]
[Black "Fahrner, Kurt"]
[Result "1/2-1/2"]
[WhiteElo "2233"]
[BlackElo "2314"]
[PlyCount "100"]
[EventDate "2010.10.16"]
[EventType "team"]
[EventRounds "11"]
[EventCountry "AUT"]
[WhiteTeam "SK MPOE Maria Saal"]
[BlackTeam "ESV Austria Graz"]

1.d4 g6 2.Nf3 Bg7 3.c4 d6 4.g3 e5 5.Bg2 Nc6 6.dxe5 dxe5 7.Qxd8+ Kxd8 8.Nc3 h6
9.O-O Be6 10.Nd5 Nce7 11.Rd1 Kc8 12.Nd2 c6 13.Nxe7+ Nxe7 14.Ne4 b6 15.b3 Nf5
16.Ba3 Rd8 17.e3 Rxd1+ 18.Rxd1 Kc7 19.Nc3 Bf8 20.Bb2 Re8 21.Ne4 Bg7 22.Kf1 Rd8
23.Rxd8 Kxd8 24.Ke2 Kd7 25.h3 Nd6 26.Nd2 f6 27.f4 exf4 28.exf4 c5 29.g4 Ne8
30.Nf3 Kd6 31.Ke3 f5 32.Be5+ Bxe5 33.Nxe5 Nf6 34.gxf5 Bxf5 35.Nf7+ Ke6 36.Nxh6
Bb1 37.a3 Ba2 38.b4 cxb4 39.axb4 Bxc4 40.Ng4 Bd5 41.Bf1 a5 42.bxa5 bxa5 43.Kd4
a4 44.Bd3 a3 45.Kc3 Nh5 46.Bxg6 Nxf4 47.Bb1 Nxh3 48.Ne3 a2 49.Bxa2 Bxa2 50.Kb2
Ke5 1/2-1/2

[Event "2. Bundesliga Mitte 2010/11"]
[Site "Wolfsberg"]
[Date "2011.04.08"]
[Round "9"]
[Board "4"]
[White "Aschenbrenner, Robert"]
[Black "Ertl, Johann"]
[Result "0-1"]
[WhiteElo "2229"]
[BlackElo "2280"]
[PlyCount "72"]
[EventDate "2010.10.16"]
[EventType "team"]
[EventRounds "11"]
[EventCountry "AUT"]
[WhiteTeam "ESV Austria Graz"]
[BlackTeam "SK MPOE Maria Saal"]

1.d4 Nf6 2.Nf3 g6 3.Nc3 d5 4.Bf4 Bg7 5.Qd2 b6 6.O-O-O Bb7 7.Ne5 Nbd7 8.e3 O-O
9.Be2 Ne4 10.Nxe4 dxe4 11.Qc3 Nxe5 12.Bxe5 Bxe5 13.dxe5 Qc8 14.h4 h6 15.Bc4 c5
16.Rh3 Qf5 17.g4 Qxg4 18.Rg3 Qf5 19.e6 fxe6 20.Rd7 Bd5 21.Rxe7 Qf6 22.Bxd5 exd5
23.Qxf6 Rxf6 24.c4 dxc4 25.Rxe4 Kf7 26.f4 b5 27.h5 gxh5 28.Re5 h4 29.Rh3 Rg8
30.Rxh4 Rg1+ 31.Kc2 Rg2+ 32.Kc3 Rd6 33.Rf5+ Kg7 34.Rxc5 Rd3+ 35.Kb4 Rxb2+ 36.Ka5
Ra3# 0-1

[Event "2. Bundesliga Mitte 2010/11"]
[Site "Wolfsberg"]
[Date "2011.04.08"]
[Round "9"]
[Board "5"]
[White "Ramusch, Arnulf"]
[Black "Pfaffel, Thomas"]
[Result "1/2-1/2"]
[WhiteElo "1955"]
[BlackElo "2193"]
[PlyCount "100"]
[EventDate "2010.10.16"]
[EventType "team"]
[EventRounds "11"]
[EventCountry "AUT"]
[WhiteTeam "SK MPOE Maria Saal"]
[BlackTeam "ESV Austria Graz"]

1.d4 Nf6 2.c4 e6 3.Nf3 b6 4.a3 Ba6 5.b3 Bb7 6.Bb2 Be7 7.Nc3 d5 8.e3 O-O 9.Bd3
Nbd7 10.O-O c5 11.Qe2 Rc8 12.cxd5 Nxd5 13.Nxd5 Bxd5 14.Ba6 Rc7 15.Nd2 cxd4 16.e4
Bc6 17.Bxd4 Nc5 18.Bxc5 Bxc5 19.Nf3 Qf6 20.b4 Bd6 21.Rad1 Be5 22.Nxe5 Qxe5
23.Rc1 Ba8 24.Rxc7 Qxc7 25.Qe3 Qc2 26.f3 Rd8 27.Rc1 Rd1+ 28.Rxd1 Qxd1+ 29.Kf2
Qc2+ 30.Qe2 Qxe2+ 31.Kxe2 e5 32.Ke3 Kf8 33.g3 Ke7 34.f4 Kd6 35.h4 Bc6 36.Bc4 f6
37.Bg8 h6 38.Bc4 a5 39.Bd3 Be8 40.Bc4 Bd7 41.Kf3 axb4 42.axb4 Bc6 43.Ke3 Ba4
44.Bd3 Kc6 45.Bc4 Bc2 46.Be2 Bb3 47.Bd3 Bd1 48.Bc4 Kd6 49.Bb5 g5 50.f5 Bc2 1/2-1/2

[Event "2. Bundesliga Mitte 2010/11"]
[Site "Wolfsberg"]
[Date "2011.04.08"]
[Round "9"]
[Board "6"]
[White "Spindelboeck, Gernot"]
[Black "Stadler, Bruno"]
[Result "1-0"]
[WhiteElo "2224"]
[BlackElo "1876"]
[PlyCount "75"]
[EventDate "2010.10.16"]
[EventType "team"]
[EventRounds "11"]
[EventCountry "AUT"]
[WhiteTeam "ESV Austria Graz"]
[BlackTeam "SK MPOE Maria Saal"]

1.d4 b6 2.e4 Bb7 3.Nd2 e6 4.Ngf3 c5 5.c3 cxd4 6.cxd4 Bb4 7.Bd3 Nf6 8.O-O O-O
9.Qe2 d5 10.e5 Ne4 11.Nxe4 dxe4 12.Bxe4 Bxe4 13.Qxe4 Na6 14.Ng5 g6 15.Qh4 h5
16.Rd1 Kg7 17.Qf4 Nc7 18.Rd3 Be7 19.Ne4 Rh8 20.Rf3 Qf8 21.Nf6 Rd8 22.Be3 Nd5
23.Nxd5 Rxd5 24.h4 Rh7 25.Rc1 Rd7 26.Bd2 Kg8 27.Rfc3 Qe8 28.Rc8 Rd8 29.R8c7 Rd7
30.Qe4 f5 31.Qc6 Bxh4 32.Rc8 Bd8 33.Bg5 Kf8 34.Qa8 Rhe7 35.Rd1 Kf7 36.d5 Rxd5
37.Rxd5 exd5 38.Rxd8 1-0

[Event "2. Bundesliga Mitte 2010/11"]
[Site "Wolfsberg"]
[Date "2011.04.08"]
[Round "9"]
[Board "1"]
[White "Rogulj, Branko"]
[Black "Weiss, Christian"]
[Result "1/2-1/2"]
[WhiteElo "2412"]
[BlackElo "2417"]
[PlyCount "88"]
[EventDate "2010.10.16"]
[EventType "team"]
[EventRounds "11"]
[EventCountry "AUT"]
[WhiteTeam "UNION Styria Graz Kleine Zeitung"]
[BlackTeam "Union Ansfelden"]

1.e4 c5 2.Nc3 Nc6 3.Bb5 Nd4 4.Bc4 e6 5.Nf3 Ne7 6.d3 Nec6 7.O-O Be7 8.Nxd4 cxd4
9.Ne2 O-O 10.a3 f5 11.exf5 Rxf5 12.b4 b5 13.Bb3 Bb7 14.Ng3 Rf8 15.Qh5 a6 16.Bd2
Kh8 17.f4 g6 18.Qe2 Qc7 19.Ne4 Rf5 20.c4 Raf8 21.c5 Qb8 22.Qg4 Qd8 23.Rae1 Qe8
24.Ng3 R5f7 25.Bc1 Qb8 26.Bd1 a5 27.Bd2 axb4 28.axb4 Qa7 29.Bf3 Qa2 30.Rd1 Qb2
31.Be4 Nd8 32.Bxb7 Nxb7 33.Qe2 Nd8 34.Rb1 Qa2 35.Ra1 Qd5 36.Qe4 Qxe4 37.Nxe4 Nc6
38.g3 Kg7 39.h4 h5 40.Kg2 Rb8 41.Ra6 Rff8 42.Rfa1 Rb7 43.Kf3 Rfb8 44.Be1 Kf7 1/2-1/2

[Event "2. Bundesliga Mitte 2010/11"]
[Site "Wolfsberg"]
[Date "2011.04.08"]
[Round "9"]
[Board "2"]
[White "Ennsberger, Ulrich"]
[Black "Danner, Georg"]
[Result "1/2-1/2"]
[WhiteElo "2365"]
[BlackElo "2422"]
[PlyCount "35"]
[EventDate "2010.10.16"]
[EventType "team"]
[EventRounds "11"]
[EventCountry "AUT"]
[WhiteTeam "Union Ansfelden"]
[BlackTeam "UNION Styria Graz Kleine Zeitung"]

1.e4 c5 2.Nf3 d6 3.Bb5+ Bd7 4.Bxd7+ Nxd7 5.O-O e6 6.Qe2 Ngf6 7.c3 Be7 8.d4 d5
9.exd5 Nxd5 10.c4 Nc7 11.dxc5 Bxc5 12.Bf4 Nf6 13.Nc3 O-O 14.Rad1 Qe7 15.Bg5 Rfd8
16.Ne4 Nce8 17.Rxd8 Rxd8 18.Rd1 1/2-1/2

[Event "2. Bundesliga Mitte 2010/11"]
[Site "Wolfsberg"]
[Date "2011.04.08"]
[Round "9"]
[Board "3"]
[White "Stagl, Marco"]
[Black "Knoll, Hermann"]
[Result "0-1"]
[WhiteElo "2112"]
[BlackElo "2382"]
[PlyCount "66"]
[EventDate "2010.10.16"]
[EventType "team"]
[EventRounds "11"]
[EventCountry "AUT"]
[WhiteTeam "UNION Styria Graz Kleine Zeitung"]
[BlackTeam "Union Ansfelden"]

1.d4 Nf6 2.c4 g6 3.g3 Bg7 4.Bg2 O-O 5.Nc3 d6 6.Nf3 Nbd7 7.O-O e5 8.e4 c6 9.h3
Qb6 10.d5 Nc5 11.Qe2 cxd5 12.cxd5 Bd7 13.Be3 Rfc8 14.Rfc1 a5 15.Nd2 Qd8 16.a4
Ne8 17.Nb5 b6 18.f3 f5 19.Rcb1 f4 20.gxf4 exf4 21.Bxf4 Qh4 22.Be3 Bxh3 23.Nc4
Bxg2 24.Qxg2 Rab8 25.Ncxd6 Nxd6 26.Nxd6 Rf8 27.Nb5 Nd3 28.Ra3 Ne1 29.Rxe1 Qxe1+
30.Kh2 Be5+ 31.Kh3 Rbc8 32.Rd3 Rc2 33.Rd2 Qxe3 0-1

[Event "2. Bundesliga Mitte 2010/11"]
[Site "Wolfsberg"]
[Date "2011.04.08"]
[Round "9"]
[Board "4"]
[White "Felsberger, Alfred"]
[Black "Manhardt, Thomas"]
[Result "1/2-1/2"]
[WhiteElo "2370"]
[BlackElo "2121"]
[PlyCount "59"]
[EventDate "2010.10.16"]
[EventType "team"]
[EventRounds "11"]
[EventCountry "AUT"]
[WhiteTeam "Union Ansfelden"]
[BlackTeam "UNION Styria Graz Kleine Zeitung"]

1.e4 c5 2.Nf3 Nc6 3.d4 cxd4 4.Nxd4 Nf6 5.Nc3 e5 6.Ndb5 d6 7.Bg5 a6 8.Na3 b5
9.Nd5 Be7 10.Bxf6 Bxf6 11.c3 O-O 12.Nc2 Rb8 13.Be2 Bg5 14.O-O a5 15.Qd3 Be6
16.Rfd1 Qd7 17.Nce3 Kh8 18.a3 g6 19.b4 f5 20.Bf3 a4 21.Qe2 Qf7 22.h3 Rfc8 23.Qd3
Ne7 24.Nxe7 Bxe7 25.exf5 gxf5 26.Bd5 f4 27.Bxe6 Qxe6 28.Nd5 Bf8 29.Re1 Bh6
30.Rad1 1/2-1/2

[Event "2. Bundesliga Mitte 2010/11"]
[Site "Wolfsberg"]
[Date "2011.04.08"]
[Round "9"]
[Board "5"]
[White "Schriebl, Alexander"]
[Black "Moser, Guenter"]
[Result "1/2-1/2"]
[WhiteElo "2072"]
[BlackElo "2355"]
[PlyCount "62"]
[EventDate "2010.10.16"]
[EventType "team"]
[EventRounds "11"]
[EventCountry "AUT"]
[WhiteTeam "UNION Styria Graz Kleine Zeitung"]
[BlackTeam "Union Ansfelden"]

1.d4 f5 2.c4 Nf6 3.g3 g6 4.Bg2 Bg7 5.Nc3 O-O 6.Nf3 d6 7.O-O Nc6 8.Bf4 Nh5 9.d5
Na5 10.Qd3 c5 11.Rac1 h6 12.b3 a6 13.Rfd1 Bd7 14.Bd2 b6 15.e3 Nb7 16.a4 Qe8
17.Ne2 b5 18.axb5 axb5 19.Nf4 Nxf4 20.exf4 Ra3 21.cxb5 Bxb5 22.Qe3 Qf7 23.Be1
Rb8 24.Rb1 Nd8 25.Qc1 Ra7 26.Bc3 Rab7 27.Nd2 Bd3 28.Rb2 Kh7 29.Ra2 Bf6 30.Qa1
Bg7 31.Bxg7 Qxg7 1/2-1/2

[Event "2. Bundesliga Mitte 2010/11"]
[Site "Wolfsberg"]
[Date "2011.04.08"]
[Round "9"]
[Board "1"]
[White "Mohr, Georg"]
[Black "Nemeth, Miklos"]
[Result "1/2-1/2"]
[WhiteElo "2511"]
[BlackElo "2454"]
[PlyCount "70"]
[EventDate "2010.10.16"]
[EventType "team"]
[EventRounds "11"]
[EventCountry "AUT"]
[WhiteTeam "Strassenbahn Graz"]
[BlackTeam "SV Steyregg"]

1.g3 e5 2.Bg2 Nf6 3.c4 d5 4.cxd5 Nxd5 5.Nc3 Nb6 6.Nf3 Nc6 7.O-O Be7 8.d3 O-O
9.Be3 Re8 10.a4 Bb4 11.Rc1 Bg4 12.h3 Bd7 13.Kh2 Rb8 14.Ne4 Nd5 15.Bg5 f6 16.Bd2
Be6 17.Nc5 Bxc5 18.Rxc5 Qd6 19.Qc1 Re7 20.a5 Ndb4 21.Be3 b6 22.axb6 cxb6 23.Rc3
Rc8 24.Bd2 Na2 25.Qb1 Nxc3 26.bxc3 Rd7 27.Bc1 Ne7 28.Bb2 b5 29.Qa1 Qb6 30.Ne1 a5
31.e4 b4 32.f4 exf4 33.gxf4 bxc3 34.Bxc3 a4 35.Rf3 Qc7 1/2-1/2

[Event "2. Bundesliga Mitte 2010/11"]
[Site "Wolfsberg"]
[Date "2011.04.08"]
[Round "9"]
[Board "2"]
[White "Gergacz, Attila"]
[Black "Supancic, Darko"]
[Result "1-0"]
[WhiteElo "2425"]
[BlackElo "2354"]
[PlyCount "43"]
[EventDate "2010.10.16"]
[EventType "team"]
[EventRounds "11"]
[EventCountry "AUT"]
[WhiteTeam "SV Steyregg"]
[BlackTeam "Strassenbahn Graz"]

1.e4 g6 2.d4 Bg7 3.Be3 c6 4.c3 d5 5.Nd2 Nf6 6.e5 Ng4 7.Bf4 f6 8.Ngf3 O-O 9.exf6
exf6 10.Bd3 Re8+ 11.Kf1 Nh6 12.Qc2 Bf5 13.Bxh6 Bxd3+ 14.Qxd3 Bxh6 15.h4 Qd7
16.h5 Bxd2 17.hxg6 Bg5 18.Rxh7 Qg4 19.Nxg5 fxg5 20.f3 Qf4 21.g3 Qxg3 22.Qf5 1-0

[Event "2. Bundesliga Mitte 2010/11"]
[Site "Wolfsberg"]
[Date "2011.04.08"]
[Round "9"]
[Board "3"]
[White "Krebs, Johann"]
[Black "Webersberger, Johann"]
[Result "1/2-1/2"]
[WhiteElo "2234"]
[BlackElo "2368"]
[PlyCount "70"]
[EventDate "2010.10.16"]
[EventType "team"]
[EventRounds "11"]
[EventCountry "AUT"]
[WhiteTeam "Strassenbahn Graz"]
[BlackTeam "SV Steyregg"]

1.d4 d6 2.c4 Nf6 3.Nc3 Nbd7 4.e4 e5 5.Nf3 Be7 6.Be2 O-O 7.O-O c6 8.Re1 a6 9.Bf1
Re8 10.Bg5 h6 11.Bh4 Nh7 12.Bg3 Ng5 13.d5 c5 14.a3 Nf6 15.Nd2 g6 16.b4 b6 17.Rb1
Nh5 18.Na4 Bd7 19.bxc5 bxc5 20.Nb6 Rb8 21.Nxd7 Qxd7 22.Bd3 Rxb1 23.Qxb1 Qc7
24.Qc2 Rb8 25.Rb1 Nf4 26.f3 Rxb1+ 27.Nxb1 Qa5 28.Bf1 h5 29.Qb3 h4 30.Bf2 Kg7
31.Be3 Qe1 32.Bxf4 exf4 33.Qc3+ Qxc3 34.Nxc3 Bf6 35.Ne2 Be5 1/2-1/2

[Event "2. Bundesliga Mitte 2010/11"]
[Site "Wolfsberg"]
[Date "2011.04.08"]
[Round "9"]
[Board "4"]
[White "Enoeckl, Philipp"]
[Black "Pesorda, Ivan"]
[Result "1/2-1/2"]
[WhiteElo "2285"]
[BlackElo "2273"]
[PlyCount "59"]
[EventDate "2010.10.16"]
[EventType "team"]
[EventRounds "11"]
[EventCountry "AUT"]
[WhiteTeam "SV Steyregg"]
[BlackTeam "Strassenbahn Graz"]

1.d4 Nf6 2.c4 c5 3.d5 e6 4.Nc3 exd5 5.cxd5 d6 6.Nf3 g6 7.Bf4 a6 8.e4 b5 9.Qe2
Be7 10.a4 b4 11.Nb1 O-O 12.Qc2 Re8 13.Nbd2 Bf8 14.Bg5 h6 15.Bxf6 Qxf6 16.Bd3 Bg4
17.O-O Nd7 18.a5 Bg7 19.Rab1 Qd8 20.Qa4 Nf6 21.Rfe1 Bd7 22.Qc2 Ng4 23.Nc4 Bb5
24.Nb6 Ra7 25.Qe2 Bxd3 26.Qxd3 Ne5 27.Nxe5 Bxe5 28.g3 Bd4 29.Kg2 Rf8 30.Re2 1/2-1/2

[Event "2. Bundesliga Mitte 2010/11"]
[Site "Wolfsberg"]
[Date "2011.04.08"]
[Round "9"]
[Board "5"]
[White "Steiner, Stefan"]
[Black "Kubinger, Thomas"]
[Result "1-0"]
[WhiteElo "2247"]
[BlackElo "2227"]
[PlyCount "40"]
[EventDate "2010.10.16"]
[EventType "team"]
[EventRounds "11"]
[EventCountry "AUT"]
[WhiteTeam "Strassenbahn Graz"]
[BlackTeam "SV Steyregg"]

1.Nf3 d5 2.c4 c6 3.cxd5 cxd5 4.d4 Nf6 5.Nc3 Nc6 6.Bf4 a6 7.Ne5 Bd7 8.e3 e6 9.Bd3
Be7 10.O-O O-O 11.Rc1 Rc8 12.Qf3 b5 13.Qh3 g6 14.a4 Nb4 15.Bb1 bxa4 16.Bh6 Re8
17.g4 a3 18.bxa3 Nc6 19.Bg5 Bxa3 20.Nxd7 Bf8 1-0

[Event "2. Bundesliga Mitte 2010/11"]
[Site "Wolfsberg"]
[Date "2011.04.08"]
[Round "9"]
[Board "6"]
[White "Wiesinger, Robert"]
[Black "Schink, Barbara"]
[Result "1-0"]
[WhiteElo "2232"]
[BlackElo "2025"]
[PlyCount "55"]
[EventDate "2010.10.16"]
[EventType "team"]
[EventRounds "11"]
[EventCountry "AUT"]
[WhiteTeam "SV Steyregg"]
[BlackTeam "Strassenbahn Graz"]

1.e4 e5 2.Nf3 Nc6 3.Bc4 Bc5 4.c3 Nf6 5.d3 d6 6.Bb3 a6 7.Nbd2 Ba7 8.h3 O-O 9.Nf1
Be6 10.Bg5 Qe7 11.Bc2 d5 12.Qe2 dxe4 13.dxe4 h6 14.Bh4 Rad8 15.Ne3 b5 16.O-O Kh8
17.a4 Bxe3 18.Qxe3 Bc4 19.Rfd1 Rxd1+ 20.Rxd1 bxa4 21.Bxa4 Bb5 22.Bc2 Rd8
23.Rxd8+ Nxd8 24.Bxf6 Qxf6 25.Qc5 Qf4 26.Qf8+ Kh7 27.Qxd8 Qc1+ 28.Qd1 1-0

[Event "2. Bundesliga Mitte 2010/11"]
[Site "Wolfsberg"]
[Date "2011.04.09"]
[Round "10"]
[Board "1"]
[White "Stevic, Hrvoje"]
[Black "Mohr, Georg"]
[Result "1-0"]
[WhiteElo "2607"]
[BlackElo "2511"]
[PlyCount "79"]
[EventDate "2010.10.16"]
[EventType "team"]
[EventRounds "11"]
[EventCountry "AUT"]
[WhiteTeam "ZH-Technologies-Wolfsberg"]
[BlackTeam "Strassenbahn Graz"]

1.e4 c5 2.d3 g6 3.f4 Bg7 4.Nf3 Nc6 5.Be2 d6 6.O-O e5 7.c3 Nge7 8.fxe5 dxe5 9.Be3
b6 10.a3 a5 11.a4 O-O 12.Na3 h6 13.Qe1 Be6 14.Qh4 Nc8 15.Bg5 f6 16.Bxh6 Ra7
17.Nb5 Rd7 18.Bxg7 Kxg7 19.Qg3 Rh8 20.Rf2 Nd6 21.Raf1 Ne8 22.Ne1 Bb3 23.Bg4 Rf7
24.c4 Bxa4 25.Nc3 Bb3 26.Be6 Rff8 27.Bd5 Nd4 28.Nf3 Nxf3+ 29.Rxf3 Nc7 30.Qf2 Qd6
31.Ra1 Qd7 32.Rf1 Qd6 33.h4 Qe7 34.Rg3 Rh6 35.Qf5 Bc2 36.Rf2 Bb3 37.Rg4 Rd8
38.Rf3 Rf8 39.Rfg3 Qe8 40.h5 1-0

[Event "2. Bundesliga Mitte 2010/11"]
[Site "Wolfsberg"]
[Date "2011.04.09"]
[Round "10"]
[Board "2"]
[White "Supancic, Darko"]
[Black "Jovanovic, Zoran"]
[Result "1/2-1/2"]
[WhiteElo "2354"]
[BlackElo "2520"]
[PlyCount "90"]
[EventDate "2010.10.16"]
[EventType "team"]
[EventRounds "11"]
[EventCountry "AUT"]
[WhiteTeam "Strassenbahn Graz"]
[BlackTeam "ZH-Technologies-Wolfsberg"]

1.d4 d6 2.g3 g6 3.Bg2 Bg7 4.e4 c5 5.Ne2 cxd4 6.Nxd4 Qb6 7.Nb3 Nc6 8.O-O Nf6
9.Nc3 O-O 10.h3 Be6 11.Be3 Qc7 12.f4 Na5 13.Nxa5 Qxa5 14.Re1 Rac8 15.g4 Nd7
16.Bd4 Bxd4+ 17.Qxd4 Qb6 18.Qxb6 Nxb6 19.Bf1 Rc5 20.Kf2 Rfc8 21.Bd3 Kg7 22.Nd1
Na4 23.b3 Nc3 24.Nxc3 Rxc3 25.e5 R8c5 26.exd6 exd6 27.Rad1 h5 28.Kf3 b5 29.Re3
b4 30.Rde1 hxg4+ 31.hxg4 Kf6 32.Kg3 a5 33.Re4 Bd7 34.R1e3 g5 35.Rd4 gxf4+
36.Kxf4 d5 37.g5+ Kg7 38.Re7 Bb5 39.Bf5 Kf8 40.Ra7 Be2 41.Ke5 Rg3 42.Rf4 Rf3
43.Rxf3 Bxf3 44.Kd4 Rc3 45.Bd3 Bd1 1/2-1/2

[Event "2. Bundesliga Mitte 2010/11"]
[Site "Wolfsberg"]
[Date "2011.04.09"]
[Round "10"]
[Board "3"]
[White "Steflitsch, Erich"]
[Black "Krebs, Johann"]
[Result "1/2-1/2"]
[WhiteElo "2367"]
[BlackElo "2234"]
[PlyCount "60"]
[EventDate "2010.10.16"]
[EventType "team"]
[EventRounds "11"]
[EventCountry "AUT"]
[WhiteTeam "ZH-Technologies-Wolfsberg"]
[BlackTeam "Strassenbahn Graz"]

1.d4 Nf6 2.c4 c5 3.d5 d6 4.Nc3 g6 5.e4 Bg7 6.Bd3 O-O 7.h3 e6 8.Nf3 exd5 9.exd5
Re8+ 10.Be3 Bh6 11.O-O Bxe3 12.fxe3 Qe7 13.e4 Nbd7 14.Qd2 Kg7 15.Rf2 Rf8 16.Raf1
Ne8 17.a3 Ne5 18.Nxe5 dxe5 19.Nd1 a5 20.Nc3 f6 21.Qe3 Bd7 22.a4 b6 23.b3 Nd6
24.g4 Rf7 25.Ne2 Rh8 26.Ng3 Rff8 27.Kh2 Rf7 28.Be2 Rhf8 29.Bd3 Rh8 30.Be2 Rhf8 1/2-1/2

[Event "2. Bundesliga Mitte 2010/11"]
[Site "Wolfsberg"]
[Date "2011.04.09"]
[Round "10"]
[Board "4"]
[White "Pesorda, Ivan"]
[Black "Wegerer, Fred"]
[Result "1-0"]
[WhiteElo "2273"]
[BlackElo "2218"]
[PlyCount "139"]
[EventDate "2010.10.16"]
[EventType "team"]
[EventRounds "11"]
[EventCountry "AUT"]
[WhiteTeam "Strassenbahn Graz"]
[BlackTeam "ZH-Technologies-Wolfsberg"]

1.d4 d5 2.c4 c6 3.Nf3 Nf6 4.Nc3 dxc4 5.a4 Bf5 6.e3 e6 7.Bxc4 Bb4 8.O-O O-O 9.Nh4
Bg4 10.f3 Bh5 11.g4 Nd5 12.Qe1 Be7 13.Ng2 Bg6 14.Qf2 Nb4 15.e4 c5 16.d5 e5 17.h4
h6 18.Be3 Nd7 19.Rfd1 Bd6 20.Nb5 Qe7 21.Kh2 h5 22.g5 b6 23.Rg1 a6 24.Nc3 Kh7
25.Qe2 Nb8 26.Rae1 Ra7 27.Bc1 f5 28.Rgf1 f4 29.Rd1 Be8 30.Ne1 Bd7 31.Rh1 Qe8
32.b3 g6 33.Nc2 Nxc2 34.Qxc2 b5 35.Bd3 c4 36.bxc4 b4 37.Qf2 Rc7 38.Qb6 Qe7
39.Nb1 Bxa4 40.Rd2 Nd7 41.Qa5 Bb3 42.Rb2 Bxc4 43.Bxc4 Rxc4 44.Qxa6 Rfc8 45.Bd2
R8c7 46.Rd1 Rd4 47.Qe2 Rcc4 48.Rc1 Nb6 49.Rxc4 Rxc4 50.Qd3 Qc7 51.Ra2 Qc5 52.Kg2
Kg8 53.Ra7 Nc8 54.Rb7 Bf8 55.Kf1 Nd6 56.Rb8 Qc7 57.Rxb4 Rc1+ 58.Bxc1 Qxc1+
59.Kg2 Nf5 60.exf5 Bc5 61.Rb8+ Kg7 62.f6+ Kf7 63.Rb7+ Kf8 64.Qf1 Qc2+ 65.Kh1 e4
66.Rc7 e3 67.Qb5 Qd1+ 68.Kg2 Qc2+ 69.Nd2 Qxd2+ 70.Kh3 1-0

[Event "2. Bundesliga Mitte 2010/11"]
[Site "Wolfsberg"]
[Date "2011.04.09"]
[Round "10"]
[Board "5"]
[White "Waldmann, Gerald"]
[Black "Steiner, Stefan"]
[Result "1/2-1/2"]
[WhiteElo "2212"]
[BlackElo "2247"]
[PlyCount "36"]
[EventDate "2010.10.16"]
[EventType "team"]
[EventRounds "11"]
[EventCountry "AUT"]
[WhiteTeam "ZH-Technologies-Wolfsberg"]
[BlackTeam "Strassenbahn Graz"]

1.e4 Nc6 2.d4 d5 3.Nc3 Nf6 4.e5 Nd7 5.e6 fxe6 6.Bf4 e5 7.dxe5 e6 8.Nf3 Be7 9.Bd3
O-O 10.Bg3 Nc5 11.O-O Bd7 12.Ne2 Nxd3 13.cxd3 Be8 14.Nfd4 Nxd4 15.Nxd4 Qd7
16.Qg4 Bf7 17.Qd1 Be8 18.Qg4 Bf7 1/2-1/2

[Event "2. Bundesliga Mitte 2010/11"]
[Site "Wolfsberg"]
[Date "2011.04.09"]
[Round "10"]
[Board "6"]
[White "Schink, Barbara"]
[Black "Toefferl, Heimo"]
[Result "1/2-1/2"]
[WhiteElo "2025"]
[BlackElo "2126"]
[PlyCount "88"]
[EventDate "2010.10.16"]
[EventType "team"]
[EventRounds "11"]
[EventCountry "AUT"]
[WhiteTeam "Strassenbahn Graz"]
[BlackTeam "ZH-Technologies-Wolfsberg"]

1.e4 e6 2.d4 d5 3.Nc3 Bb4 4.e5 c5 5.a3 Bxc3+ 6.bxc3 Qc7 7.Qg4 f5 8.Qh5+ Qf7
9.Qxf7+ Kxf7 10.Nf3 b6 11.c4 dxc4 12.Bxc4 cxd4 13.Ng5+ Kg6 14.h4 h5 15.Rh3 Nh6
16.Rg3 Ng4 17.f3 Nc6 18.fxg4 hxg4 19.Bf4 Rxh4 20.O-O-O Rh5 21.Nxe6 Bxe6 22.Bxe6
Rd8 23.Rgd3 Rhh8 24.Bc4 a5 25.e6 Kf6 26.Bc7 Rc8 27.Bxb6 Ne5 28.Bxd4 Rxc4 29.Re1
Rxd4 30.Rxd4 Re8 31.c4 Rxe6 32.Kc2 g5 33.Kc3 f4 34.c5 f3 35.g3 Kf5 36.Rd5 f2
37.Rf1 Ke4 38.Rd2 Rf6 39.Re2+ Kd5 40.Rfxf2 Rf3+ 41.Rxf3 gxf3 42.Rd2+ Kxc5 43.Rd8
g4 44.a4 Nc6 1/2-1/2

[Event "2. Bundesliga Mitte 2010/11"]
[Site "Wolfsberg"]
[Date "2011.04.09"]
[Round "10"]
[Board "1"]
[White "Lenic, Luka"]
[Black "Rogulj, Branko"]
[Result "1/2-1/2"]
[WhiteElo "2603"]
[BlackElo "2412"]
[PlyCount "67"]
[EventDate "2010.10.16"]
[EventType "team"]
[EventRounds "11"]
[EventCountry "AUT"]
[WhiteTeam "SV Raika Rapid Feffernitz"]
[BlackTeam "UNION Styria Graz Kleine Zeitung"]

1.Nf3 Nf6 2.c4 g6 3.Nc3 d5 4.cxd5 Nxd5 5.e4 Nxc3 6.bxc3 Bg7 7.Ba3 O-O 8.d4 b6
9.Bc4 Bb7 10.O-O Nc6 11.Qe2 Na5 12.Bb5 c6 13.Ba6 Bxa6 14.Qxa6 Qc7 15.Rab1 Rfd8
16.h3 Nb7 17.e5 c5 18.Qe2 Qc6 19.Bc1 Na5 20.Bg5 f6 21.Be3 cxd4 22.cxd4 Qc4
23.Rfe1 Qxe2 24.Rxe2 Rac8 25.exf6 Bxf6 26.Bg5 Nc6 27.Bxf6 exf6 28.a4 Kf7 29.Rbe1
Rd6 30.Rc2 Rcd8 31.Rec1 Nxd4 32.Rc7+ R8d7 33.Rxd7+ Rxd7 34.Nxd4 1/2-1/2

[Event "2. Bundesliga Mitte 2010/11"]
[Site "Wolfsberg"]
[Date "2011.04.09"]
[Round "10"]
[Board "2"]
[White "Danner, Georg"]
[Black "Sebenik, Matej"]
[Result "1/2-1/2"]
[WhiteElo "2422"]
[BlackElo "2516"]
[PlyCount "74"]
[EventDate "2010.10.16"]
[EventType "team"]
[EventRounds "11"]
[EventCountry "AUT"]
[WhiteTeam "UNION Styria Graz Kleine Zeitung"]
[BlackTeam "SV Raika Rapid Feffernitz"]

1.d4 Nf6 2.c4 g6 3.Nc3 Bg7 4.e4 d6 5.Nf3 O-O 6.Be2 e5 7.d5 a5 8.O-O Na6 9.Ne1
Nc5 10.f3 Nh5 11.g3 Bh3 12.Rf2 f5 13.exf5 gxf5 14.Nd3 Nxd3 15.Qxd3 f4 16.Ne4 Qe8
17.g4 Qg6 18.Bf1 Bxf1 19.Kxf1 Nf6 20.Nxf6+ Bxf6 21.Qxg6+ hxg6 22.Ke2 a4 23.Rb1
b5 24.b4 axb3 25.axb3 Ra2+ 26.Rb2 Rxb2+ 27.Bxb2 bxc4 28.bxc4 Rb8 29.Kf1 Rb3
30.Kg2 Bh4 31.Rc2 e4 32.fxe4 f3+ 33.Kh3 f2+ 34.Kg2 Re3 35.Bd4 Rxe4 36.Bxf2 Bxf2
37.Kxf2 Rxg4 1/2-1/2

[Event "2. Bundesliga Mitte 2010/11"]
[Site "Wolfsberg"]
[Date "2011.04.09"]
[Round "10"]
[Board "3"]
[White "Gostisa, Leon"]
[Black "Stagl, Marco"]
[Result "1-0"]
[WhiteElo "2405"]
[BlackElo "2112"]
[PlyCount "68"]
[EventDate "2010.10.16"]
[EventType "team"]
[EventRounds "11"]
[EventCountry "AUT"]
[WhiteTeam "SV Raika Rapid Feffernitz"]
[BlackTeam "UNION Styria Graz Kleine Zeitung"]

1.d4 d5 2.c4 c6 3.Nf3 Nf6 4.e3 Bg4 5.Qb3 Qb6 6.Ne5 dxc4 7.Qxb6 axb6 8.Nxg4 Nxg4
9.Bxc4 Nd7 10.Nc3 Ngf6 11.d5 Ne5 12.Bb3 Nd3+ 13.Ke2 Nc5 14.Bd2 Rd8 15.dxc6 bxc6
16.Bc2 e5 17.Rhc1 Ne6 18.Bf5 Nc5 19.b4 Ncd7 20.Ne4 Nxe4 21.Bxe4 c5 22.b5 Bd6
23.a4 Bc7 24.Bc6 Ke7 25.a5 bxa5 26.Bxa5 Bxa5 27.Rxa5 Kd6 28.Rd1+ Ke6 29.Bd5+ Ke7
30.Ra7 Kf6 31.Bb3 Nb6 32.Rxd8 Rxd8 33.Rxf7+ Kg6 34.Rc7 c4 1-0

[Event "2. Bundesliga Mitte 2010/11"]
[Site "Wolfsberg"]
[Date "2011.04.09"]
[Round "10"]
[Board "4"]
[White "Manhardt, Thomas"]
[Black "Diermair, Andreas"]
[Result "0-1"]
[WhiteElo "2121"]
[BlackElo "2354"]
[PlyCount "50"]
[EventDate "2010.10.16"]
[EventType "team"]
[EventRounds "11"]
[EventCountry "AUT"]
[WhiteTeam "UNION Styria Graz Kleine Zeitung"]
[BlackTeam "SV Raika Rapid Feffernitz"]

1.e4 c6 2.d4 d5 3.Nc3 dxe4 4.Nxe4 Bf5 5.Ng3 Bg6 6.h4 h6 7.N1e2 Nf6 8.Nf4 Bh7
9.Bc4 e6 10.Qe2 Bd6 11.c3 O-O 12.Ngh5 Nbd7 13.Be3 e5 14.dxe5 Nxe5 15.O-O-O Qe7
16.Rhe1 Rfe8 17.Bd4 Nxc4 18.Nxf6+ Kh8 19.N6h5 Qxe2 20.Rxe2 Rxe2 21.Nxe2 Bf8
22.Nef4 Re8 23.Nd3 b6 24.b3 Ba3+ 25.Nb2 Bxb2# 0-1